000 00689 a2200229 4500
001 62570
005 20260407155919.0
008 260407a1982 arg spa d
003 AR-UNSa-BCEJYS
040 _aAR-UNSa-BCEJYS
_bspa
_cAR-UNSa-BCEJYS
080 _a658.15
_xAdministración financiera privada. Gestión financiera de empresas
245 1 0 _aLa administración financiera en el contexto mexicano
020 _a978-968-18-1562-2
264 1 _aMéxico :
_bLimusa
_c1982
300 _a1001 p.
_c24 cm.
041 _aspa
942 _cBK
590 _aniveau_biblio:m niveau_hierar:0
100 1 _aLusztig, Peter
700 1 _aSchwab, Bernhard
700 1 _aCorzo, Miguel Angel
999 _c7704
_d7704